Color formation of sterically hindered phenolic antioxidants: Mechanism and prevention (Record no. 55853)

MARC details
000 -LEADER
fixed length control field 00424nam a2200121Ia 4500
100 ## - MAIN ENTRY--AUTHOR NAME
Personal name Mara John
245 #0 - TITLE STATEMENT
Title Color formation of sterically hindered phenolic antioxidants: Mechanism and prevention
260 ## - PUBLICATION, DISTRIBUTION, ETC. (IMPRINT)
Name of publisher International Latex Conference, 20-21 July 2004, Hilton, Akron/Fairlawn Hotel.
650 ## - SUBJECT ADDED ENTRY--TOPICAL TERM
Topical Term Phenolic antioxidants
650 ## - SUBJECT ADDED ENTRY--TOPICAL TERM
Topical Term Synthetic polymers
942 ## - ADDED ENTRY ELEMENTS (KOHA)
Koha item type Journals
Holdings
Withdrawn status Lost status Damaged status Not for loan Home library Current library Shelving location Date acquired Koha item type
      Journals RRII Library RRII Library Rubber chemistry 17/12/2021 Journals